Normal view
MARC view
- الأدب العربي - روايات
Entry Topical Term
001 - CONTROL NUMBER
- control field: 7309
003 - CONTROL NUMBER IDENTIFIER
- control field: JO-AjAnu
005 - DATE AND TIME OF LATEST TRANSACTION
- control field: 20230606071501.0
008 - FIXED-LENGTH DATA ELEMENTS
- fixed length control field: 230606|| aca||aabn | a|a d
040 ## - CATALOGING SOURCE
- Original cataloging agency: JO-AjAnu
- Transcribing agency: JO-AjAnu
150 ## - HEADING--TOPICAL TERM
- Topical term or geographic name entry element: الأدب العربي - روايات
670 ## - SOURCE DATA FOUND
- Source citation: Work cat.: (JO-AjAnu)3782: تأليف البساطي،محمد, author 7308, المقهى الزجاجي والأيام الصعبة (روايتان)